Modern particleboard & dry-process fiberboard manufacturing (Record no. 77600)

MARC details
000 -LEADER
fixed length control field 00755nam a2200193 a 4500
008 - FIXED-LENGTH DATA ELEMENTS--GENERAL INFORMATION
fixed length control field 060424s1993 ||||||||||||||||| || u
020 ## - INTERNATIONAL STANDARD BOOK NUMBER
International Standard Book Number 0879302887
050 ## - LIBRARY OF CONGRESS CALL NUMBER
Classification number TS 875 Mal
100 ## - MAIN ENTRY--PERSONAL NAME
Personal name Maloney, Thomas M
245 10 - TITLE STATEMENT
Title Modern particleboard & dry-process fiberboard manufacturing
260 ## - PUBLICATION, DISTRIBUTION, ETC.
Place of publication, distribution, etc. San Francisco
Name of publisher, distributor, etc. Miller Freeman
Date of publication, distribution, etc. 1993
300 ## - PHYSICAL DESCRIPTION
Extent 681 p. : ill.
350 ## -
-- 0.00
650 ## - SUBJECT ADDED ENTRY--TOPICAL TERM
Topical term or geographic name entry element MANUFACTURING
650 ## - SUBJECT ADDED ENTRY--TOPICAL TERM
Topical term or geographic name entry element FIBERBOARD
650 ## - SUBJECT ADDED ENTRY--TOPICAL TERM
Topical term or geographic name entry element PARTICLE BOARD
995 ## -
-- SHORT LOAN BOOKS
-- 0.00
-- 728603
-- CBU-MAIN LIBRARY (Kitwe)
-- 1
-- 0.00
-- TS 875 Mal
-- 2
-- AVAILABLE
-- 019134
-- Short Loan Collection
995 ## -
-- SHORT LOAN BOOKS
-- 0.00
-- 728604
-- CBU-MAIN LIBRARY (Kitwe)
-- 2
-- 0.00
-- TS 875 Mal
-- 1
-- AVAILABLE
-- Mar 11, 2013
-- 019132
-- Short Loan Collection
999 ## -
-- 77600
-- 77600
Holdings
Withdrawn status Lost status Source of classification or shelving scheme Damaged status Not for loan Permanent Location Current Location Shelving location Date acquired Total Checkouts Full call number Barcode Date last seen Copy number Price effective from Koha item type
          CBU-MAIN LIBRARY, KITWE. CBU-MAIN LIBRARY, KITWE.   05/03/2023   TS 875 Mal 019134 05/03/2023 1 05/03/2023 SHORT LOAN COLLECTION
          CBU-MAIN LIBRARY, KITWE. CBU-MAIN LIBRARY, KITWE.   05/03/2023   TS 875 Mal 019132 05/03/2023 2 05/03/2023 SHORT LOAN COLLECTION